<?xml version="1.0" encoding="UTF-8"?>
<record
    xmlns:xsi="http://www.w3.org/2001/XMLSchema-instance"
    xsi:schemaLocation="http://www.loc.gov/MARC21/slim http://www.loc.gov/standards/marcxml/schema/MARC21slim.xsd"
    xmlns="http://www.loc.gov/MARC21/slim">

  <leader>02401ngm a22004697a 4500</leader>
  <controlfield tag="005">20171010144234.0</controlfield>
  <controlfield tag="006">a|||||s|||||00| 0 </controlfield>
  <controlfield tag="008">110615t2010    cau|||||s|||| 00| 0 eng d</controlfield>
  <datafield tag="020" ind1=" " ind2=" ">
    <subfield code="a">1419888900 </subfield>
  </datafield>
  <datafield tag="020" ind1=" " ind2=" ">
    <subfield code="a">9781419888908</subfield>
  </datafield>
  <datafield tag="082" ind1="0" ind2="4">
    <subfield code="a">EMM</subfield>
    <subfield code="b">791.4575</subfield>
    <subfield code="2">22</subfield>
  </datafield>
  <datafield tag="245" ind1="0" ind2="0">
    <subfield code="a">Emma</subfield>
    <subfield code="h">[videorecording] /</subfield>
    <subfield code="c">produced by George Ormond ; screenplay by Sandy Welch ; directed by Jim O'Hanlon ; British Broadcasting Corporation.</subfield>
  </datafield>
  <datafield tag="260" ind1=" " ind2=" ">
    <subfield code="a">Burbank, Calif. :</subfield>
    <subfield code="b">Warner Home Video, 2010</subfield>
    <subfield code="c">2010</subfield>
  </datafield>
  <datafield tag="300" ind1=" " ind2=" ">
    <subfield code="a">2 videodiscs (ca. 229 min.) : </subfield>
    <subfield code="b">sd., col. ; </subfield>
    <subfield code="c">4 3/4 in.</subfield>
  </datafield>
  <datafield tag="500" ind1=" " ind2=" ">
    <subfield code="a">Originally produced as a television series in 2009.</subfield>
  </datafield>
  <datafield tag="500" ind1=" " ind2=" ">
    <subfield code="a">Based on the novel by Jane Austen.</subfield>
  </datafield>
  <datafield tag="500" ind1=" " ind2=" ">
    <subfield code="a">Special features include locations, costumes, music, Mr. Woodhouse, interviews.</subfield>
  </datafield>
  <datafield tag="508" ind1=" " ind2=" ">
    <subfield code="a">music, Samuel Sim ; director of photograph, Adam Suschitzky ; editor, Mark Thorton.</subfield>
  </datafield>
  <datafield tag="511" ind1=" " ind2=" ">
    <subfield code="a">Jonny Lee Miller, Michael Gambon, Romola Garai, Tamsin Greig.</subfield>
  </datafield>
  <datafield tag="520" ind1=" " ind2=" ">
    <subfield code="a">Twenty-one-year-old Emma Woodhouse loves playing matchmaker. When pretty and socially inferior Harries arrives, Emma decides to indulge her passion. Against the advice of family friend and surrogate older brother Mr. Knightly, Emma persuades Harries to reject a marriage proposal from a local farmer in order to hold out for an offer from the dashing Mr. Elton. But Emma soon discovers Mr. Elton's true motives and her advice to Harriet goes terribly awry"</subfield>
  </datafield>
  <datafield tag="521" ind1=" " ind2=" ">
    <subfield code="a">Not rated</subfield>
  </datafield>
  <datafield tag="538" ind1=" " ind2=" ">
    <subfield code="a">DVD; Region 1, NTSC; full screen (16x9 letterbox) presentation ; Dolby Digital. </subfield>
  </datafield>
  <datafield tag="546" ind1=" " ind2=" ">
    <subfield code="a">Subtitled for the deaf and hearing impaired   </subfield>
  </datafield>
  <datafield tag="600" ind1=" " ind2=" ">
    <subfield code="9">8566</subfield>
    <subfield code="a">Austen, Jane,</subfield>
    <subfield code="d">1775-1817.</subfield>
    <subfield code="v">Film and video adaptations</subfield>
  </datafield>
  <datafield tag="650" ind1=" " ind2=" ">
    <subfield code="9">25288</subfield>
    <subfield code="a">Young women</subfield>
    <subfield code="v">Drama</subfield>
  </datafield>
  <datafield tag="651" ind1=" " ind2=" ">
    <subfield code="9">25287</subfield>
    <subfield code="a">England</subfield>
    <subfield code="v">Drama</subfield>
  </datafield>
  <datafield tag="653" ind1=" " ind2=" ">
    <subfield code="c">June2011</subfield>
  </datafield>
  <datafield tag="655" ind1=" " ind2=" ">
    <subfield code="a">Romance television programs</subfield>
  </datafield>
  <datafield tag="700" ind1=" " ind2=" ">
    <subfield code="9">25290</subfield>
    <subfield code="a">Ormond, George</subfield>
    <subfield code="e">pro</subfield>
  </datafield>
  <datafield tag="700" ind1=" " ind2=" ">
    <subfield code="9">25291</subfield>
    <subfield code="a">O'Hanlon, Jim</subfield>
    <subfield code="e">drt</subfield>
  </datafield>
  <datafield tag="700" ind1=" " ind2=" ">
    <subfield code="9">25292</subfield>
    <subfield code="a">Welch, Sandy</subfield>
    <subfield code="e">aus</subfield>
  </datafield>
  <datafield tag="700" ind1=" " ind2=" ">
    <subfield code="9">25293</subfield>
    <subfield code="a">Sim, Samuel</subfield>
    <subfield code="e">cmp</subfield>
  </datafield>
  <datafield tag="700" ind1=" " ind2=" ">
    <subfield code="9">25294</subfield>
    <subfield code="a">Suschitzky, Adam</subfield>
    <subfield code="e">cng</subfield>
  </datafield>
  <datafield tag="700" ind1=" " ind2=" ">
    <subfield code="9">25295</subfield>
    <subfield code="a">Thorton, Mark</subfield>
    <subfield code="e">flm</subfield>
  </datafield>
  <datafield tag="700" ind1=" " ind2=" ">
    <subfield code="9">25296</subfield>
    <subfield code="a">Garai, Romola</subfield>
    <subfield code="d">1982-</subfield>
    <subfield code="e">act</subfield>
  </datafield>
  <datafield tag="700" ind1=" " ind2=" ">
    <subfield code="9">25297</subfield>
    <subfield code="a">Miller, Jonny Lee</subfield>
    <subfield code="e">act</subfield>
  </datafield>
  <datafield tag="700" ind1=" " ind2=" ">
    <subfield code="9">25298</subfield>
    <subfield code="a">Gambon, Michael</subfield>
    <subfield code="e">act</subfield>
  </datafield>
  <datafield tag="700" ind1=" " ind2=" ">
    <subfield code="9">25300</subfield>
    <subfield code="a">Greig, Tamsin </subfield>
    <subfield code="e">act</subfield>
  </datafield>
  <datafield tag="710" ind1=" " ind2=" ">
    <subfield code="9">25082</subfield>
    <subfield code="a">Warner Home Video (Firm)</subfield>
  </datafield>
  <datafield tag="710" ind1=" " ind2=" ">
    <subfield code="9">25299</subfield>
    <subfield code="a">British Broadcasting Corporation</subfield>
  </datafield>
  <datafield tag="942" ind1=" " ind2=" ">
    <subfield code="2">ddc</subfield>
    <subfield code="c">CDVDMOV</subfield>
  </datafield>
  <datafield tag="999" ind1=" " ind2=" ">
    <subfield code="c">15599</subfield>
    <subfield code="d">15599</subfield>
  </datafield>
  <datafield tag="952" ind1=" " ind2=" ">
    <subfield code="0">0</subfield>
    <subfield code="1">0</subfield>
    <subfield code="2">ddc</subfield>
    <subfield code="4">0</subfield>
    <subfield code="7">0</subfield>
    <subfield code="8">Baccah</subfield>
    <subfield code="a">MAIN</subfield>
    <subfield code="b">MAIN</subfield>
    <subfield code="c">2ND</subfield>
    <subfield code="d">2011-06-15</subfield>
    <subfield code="e">purchase</subfield>
    <subfield code="g">218.00</subfield>
    <subfield code="h">12344</subfield>
    <subfield code="l">0</subfield>
    <subfield code="o">791.4575 EMM</subfield>
    <subfield code="p">000024212</subfield>
    <subfield code="r">2022-08-24 00:00:00</subfield>
    <subfield code="w">2011-06-15</subfield>
    <subfield code="y">CDVDN</subfield>
    <subfield code="z">2 DVDs</subfield>
  </datafield>
</record>
